ბათუმის შოთა რუსთაველის სახელმწიფო უნივერსიტეტის ბიბლიოთეკა

Квантовая механика и квантовая химия / (ბიბ.ჩანაწერი № 41245)

000 -LEADER
fixed length control field 00758nam a2200217Ia 4500
001 - CONTROL NUMBER
control field 7897
003 - CONTROL NUMBER IDENTIFIER
control field GE_BSU
005 - DATE AND TIME OF LATEST TRANSACTION
control field 20220930111248.0
008 - FIXED-LENGTH DATA ELEMENTS--GENERAL INFORMATION
fixed length control field 181216sru 2012xx |||||||||||||| ||rus||
020 ## - INTERNATIONAL STANDARD BOOK NUMBER
International Standard Book Number 9785030034140
040 ## - CATALOGING SOURCE
Transcribing agency GE_BSU
041 ## - LANGUAGE CODE
Language code of text/sound track or separate title rus
080 ## - UNIVERSAL DECIMAL CLASSIFICATION NUMBER
Universal Decimal Classification number 530.145+544.1(075.8) С-79
100 ## - MAIN ENTRY--PERSONAL NAME
Personal name Степанов,Н.Ф.
9 (RLIN) 14909
245 ## - TITLE STATEMENT
Title Квантовая механика и квантовая химия /
Statement of responsibility, etc. Н.Ф. Степанов.
264 ## - PRODUCTION, PUBLICATION, DISTRIBUTION, MANUFACTURE, AND COPYRIGHT NOTICE
Place of production, publication, distribution, manufacture Москва :
Name of producer, publisher, distributor, manufacturer Мир,
Date of production, publication, distribution, manufacture, or copyright notice 2012.
300 ## - PHYSICAL DESCRIPTION
Extent 519 стр.:
Other physical details илл;
653 ## - INDEX TERM--UNCONTROLLED
keyword Квантовая механика и квантовая химия
653 ## - INDEX TERM--UNCONTROLLED
keyword კვანტური მექანიკა და კვანტური ქიმია
942 ## - ADDED ENTRY ELEMENTS (KOHA)
Koha item type წიგნი
Source of classification or shelving scheme
ეგზემპლარები
Withdrawn status Lost status Source of classification or shelving scheme Damaged status Not for loan Permanent Location Current Location Shelving location Date acquired Cost, normal purchase price Full call number Barcode Date last seen Copy number Price effective from Koha item type Public note
          ბათუმის შოთა რუსთაველის სახელმწიფო უნივერსიტეტის მთავარი ბიბლიოთეკა ბათუმის შოთა რუსთაველის სახელმწიფო უნივერსიტეტის მთავარი ბიბლიოთეკა წიგნსაცავი 2018-12-17 24.00 530.145+544.1(075.8) С-79 24366 2018-12-17 24366 2018-12-17 წიგნი 24.00
          ბათუმის შოთა რუსთაველის სახელმწიფო უნივერსიტეტის მთავარი ბიბლიოთეკა ბათუმის შოთა რუსთაველის სახელმწიფო უნივერსიტეტის მთავარი ბიბლიოთეკა წიგნსაცავი 2018-12-17 24.00 530.145+544.1(075.8) С-79 24367 2018-12-17 24367 2018-12-17 წიგნი 24.00